[Event "DEM U10/U10w 2014"]
[Site "Magdeburg GER"]
[Date "2014.06.08"]
[Round "1"]
[White "Mirschel, Thaddeus"]
[Black "Hundrieser, Malte"]
[Result "0-1"]
[Termination "normal"]
[Board "24"]
[WhiteElo "1094"]
[BlackElo "1429"]
[PlyCount "82"]
[WhiteFideId "16277570"]
[BlackFideId "12997153"]
[EventCountry "GER"]
[EventRounds "11"]
[EventType "swiss"]
[EventDate "2014.06.07"]

1. d4 d5 2. Nc3 Nf6 3. Bf4 c5 4. e3 Bf5 5. Nf3 e6 6. Bb5+ Nc6 7. O-O Bd6 8. Ne5
Rc8 9. Bd3 Bxd3 10. cxd3 cxd4 11. exd4 Nxd4 12. Qa4+ Nc6 13. Nxc6 bxc6 14. Bg5
Rc7 15. Rae1 O-O 16. Bxf6 Qxf6 17. Qg4 Rb8 18. b3 Qxc3 19. Rxe6 Bxh2+ 20. Kxh2
fxe6 21. Qxe6+ Rf7 22. Qe3 Qf6 23. Qg3 Qf4 24. Qxf4 Rxf4 25. Rc1 Rxf2 26. Rxc6
Rxa2 27. Rd6 Rxb3 28. Rd8+ Kf7 29. Rxd5 Raa3 30. Rf5+ Ke6 31. Rh5 h6 32. Rh3
Rxd3 33. Rxd3 Rxd3 34. Kh1 a5 35. Kh2 a4 36. Kg1 a3 37. Kh1 a2 38. Kh2 a1=Q 39.
g3 Rd2+ 40. Kh3 Qh1+ 41. Kg4 Rd4# 0-1

[Event "DEM U10/U10w 2014"]
[Site "Magdeburg GER"]
[Date "2014.06.08"]
[Round "1"]
[White "Evering, Sören"]
[Black "Fischer, Laura"]
[Result "1-0"]
[Termination "normal"]
[Board "25"]
[WhiteElo "1424"]
[BlackElo "1091"]
[PlyCount "61"]
[WhiteFideId "12974650"]
[BlackFideId "16208935"]
[EventCountry "GER"]
[EventRounds "11"]
[EventType "swiss"]
[EventDate "2014.06.07"]

1. e4 e5 2. Nf3 Nc6 3. Bc4 Bc5 4. c3 Nf6 5. d4 exd4 6. e5 dxc3 7. exf6 Qxf6 8.
Qe2+ Ne7 9. Nxc3 Bb4 10. O-O Bxc3 11. bxc3 O-O 12. Bg5 Qxc3 13. Rac1 Qa5 14.
Qxe7 d5 15. Bd2 Qb6 16. Bxd5 Be6 17. Bxe6 fxe6 18. Rxc7 Qb2 19. Bc3 Qxc3 20.
Rxc3 Rae8 21. Qxb7 Rf7 22. Qb5 Ref8 23. Rfc1 Rf6 24. Rc8 h6 25. Rxf8+ Rxf8 26.
Qd7 Kh8 27. Qxe6 Rf6 28. Rc8+ Kh7 29. Qe4+ Rg6 30. Ne5 a5 31. Qxg6# 1-0

[Event "DEM U10/U10w 2014"]
[Site "Magdeburg GER"]
[Date "2014.06.08"]
[Round "1"]
[White "Limbach, Anna-Lena"]
[Black "Grund, Sebastian"]
[Result "0-1"]
[Termination "normal"]
[Board "26"]
[WhiteElo "1091"]
[BlackElo "1424"]
[PlyCount "66"]
[WhiteFideId "12980412"]
[BlackFideId "12988626"]
[EventCountry "GER"]
[EventRounds "11"]
[EventType "swiss"]
[EventDate "2014.06.07"]

1. e4 c5 2. f4 e6 3. Nf3 Nc6 4. Nc3 a6 5. Bc4 b5 6. Be2 Qb6 7. d3 Bb7 8. Be3
Qc7 9. Qd2 Be7 10. d4 cxd4 11. Nxd4 Bb4 12. a3 Ba5 13. b4 Nxb4 14. axb4 Bxb4
15. Bxb5 Bxc3 16. Bxd7+ Kxd7 17. Nb5+ Bxd2+ 18. Bxd2 axb5 19. Rxa8 Bxa8 20. Kf2
Qxc2 21. Ke2 Bxe4 22. Ra1 Ne7 23. Ra7+ Kd6 24. Ra6+ Kc5 25. Ra3 Nd5 26. Ke1 Rd8
27. g3 Qb1+ 28. Ke2 Nxf4+ 29. gxf4 Rxd2+ 30. Kxd2 Qb2+ 31. Ke3 Qxa3+ 32. Kxe4
f5+ 33. Ke5 Qe3# 0-1

[Event "DEM U10/U10w 2014"]
[Site "Magdeburg GER"]
[Date "2014.06.08"]
[Round "1"]
[White "Lohr, Maximilian"]
[Black "Krause, Marc"]
[Result "0-1"]
[Termination "normal"]
[Board "27"]
[WhiteElo "1420"]
[BlackElo "1083"]
[PlyCount "84"]
[WhiteFideId "12999717"]
[BlackFideId "12985724"]
[EventCountry "GER"]
[EventRounds "11"]
[EventType "swiss"]
[EventDate "2014.06.07"]

1. e4 e5 2. Nf3 d6 3. d4 Nd7 4. Nc3 Be7 5. Bc4 Ngf6 6. O-O O-O 7. b3 b6 8. Bb2
Bb7 9. Re1 exd4 10. Nxd4 Ne5 11. Bd5 Nxd5 12. Nxd5 Bxd5 13. exd5 Qd7 14. c4
Rae8 15. h3 c5 16. dxc6 Nxc6 17. Nxc6 Qxc6 18. Qg4 f6 19. Re3 Bd8 20. Rae1 Rxe3
21. Rxe3 Re8 22. Rf3 Kh8 23. Rf5 Qd7 24. Qf4 Kg8 25. Ba3 Bc7 26. Rd5 Re6 27.
Rd3 Re1+ 28. Kh2 d5 29. Rxd5 Bxf4+ 30. g3 Qxd5 31. cxd5 Bb8 32. Kg2 Rd1 33. Kf3
Rxd5 34. Bc1 Kf7 35. Ke4 Rc5 36. Be3 Rc2 37. a4 Rb2 38. Bd4 Rxb3 39. Kd5 Ra3
40. Kc6 Rxa4 41. Kb7 Rxd4 42. Kxb8 b5 0-1

[Event "DEM U10/U10w 2014"]
[Site "Magdeburg GER"]
[Date "2014.06.08"]
[Round "1"]
[White "Morgenstern, Tobias"]
[Black "Hassemeier, Mika"]
[Result "0-1"]
[Termination "normal"]
[Board "28"]
[WhiteElo "1073"]
[BlackElo "1409"]
[PlyCount "56"]
[WhiteFideId "12974390"]
[BlackFideId "12994880"]
[EventCountry "GER"]
[EventRounds "11"]
[EventType "swiss"]
[EventDate "2014.06.07"]

1. e4 c5 2. Nf3 e6 3. d4 cxd4 4. Nxd4 a6 5. Nc3 d6 6. Bc4 Nf6 7. Nf3 b5 8. Bb3
Bb7 9. Bg5 Be7 10. Qd3 O-O 11. O-O b4 12. Bxf6 Bxf6 13. Ne2 Bxb2 14. Rad1 Qb6
15. Qxd6 Qxd6 16. Rxd6 Bxe4 17. Nfd4 a5 18. Ng3 Bg6 19. Rd1 a4 20. Bc4 Bxd4 21.
R1xd4 Bxc2 22. Rd8 b3 23. axb3 axb3 24. Bd3 Bxd3 25. Rxd3 b2 26. Rxf8+ Kxf8 27.
Rb3 Ra1+ 28. Nf1 b1=Q 0-1

[Event "DEM U10/U10w 2014"]
[Site "Magdeburg GER"]
[Date "2014.06.08"]
[Round "1"]
[White "Kirchner, Markus"]
[Black "Marzisch, Darius"]
[Result "1-0"]
[Termination "normal"]
[Board "29"]
[WhiteElo "1409"]
[BlackElo "1067"]
[PlyCount "73"]
[WhiteFideId "12979163"]
[BlackFideId "12997480"]
[EventCountry "GER"]
[EventRounds "11"]
[EventType "swiss"]
[EventDate "2014.06.07"]

1. e4 e5 2. Nf3 Nc6 3. Bc4 Bc5 4. c3 Nf6 5. d4 exd4 6. e5 Qe7 7. O-O Ng4 8.
cxd4 Bb4 9. h3 Nh6 10. Bg5 Qf8 11. Nc3 Bxc3 12. bxc3 Nf5 13. Qd3 Nfe7 14. Rfe1
h6 15. Bh4 g5 16. Bg3 Ng6 17. Nd2 b6 18. Ne4 Bb7 19. Nf6+ Kd8 20. Rad1 Qg7 21.
Qf5 Bc8 22. Ba6 Nce7 23. Qe4 Rb8 24. Bc4 c6 25. Qd3 b5 26. Bb3 Ra8 27. Qd2 Ba6
28. c4 bxc4 29. Qa5+ Kc8 30. Qxa6+ Kc7 31. e6+ d6 32. Qxc4 Nd5 33. Nxd5+ Kb8
34. Bxd6+ Kc8 35. Qxc6+ Kd8 36. e7+ Nxe7 37. Bxe7# 1-0

[Event "DEM U10/U10w 2014"]
[Site "Magdeburg GER"]
[Date "2014.06.08"]
[Round "1"]
[White "Oyunbat, Oyunchimeg"]
[Black "Astner, Sebastian"]
[Result "0-1"]
[Termination "normal"]
[Board "30"]
[WhiteElo "1043"]
[BlackElo "1389"]
[PlyCount "88"]
[BlackFideId "12979422"]
[EventCountry "GER"]
[EventRounds "11"]
[EventType "swiss"]
[EventDate "2014.06.07"]

1. e4 c5 2. Nf3 d6 3. d4 cxd4 4. Nxd4 Nf6 5. Nc3 g6 6. Bb5+ Bd7 7. Bxd7+ Nbxd7
8. O-O Bg7 9. Be3 O-O 10. Qd2 Ng4 11. Bf4 e5 12. Bg3 exd4 13. Nd5 Nde5 14. Qxd4
Nf3+ 15. gxf3 Bxd4 16. fxg4 Be5 17. Bxe5 dxe5 18. f4 Qh4 19. g5 exf4 20. Rxf4
Qxg5+ 21. Kh1 f5 22. exf5 Rxf5 23. Rxf5 gxf5 24. Rg1 Qxg1+ 25. Kxg1 Kf7 26. Kg2
Rd8 27. Nb4 Kf6 28. Kg3 h5 29. c4 a5 30. Nd5+ Ke5 31. Ne3 f4+ 32. Kf2 Rd2+ 33.
Kf3 fxe3 34. Kxe3 Rxh2 35. c5 Rh3+ 36. Kd2 Ke4 37. Kc2 Rf3 38. b3 h4 39. Kb2 h3
40. Ka3 Kd4 41. Ka4 Kxc5 42. a3 Rf6 43. b4+ Kc4 44. Kxa5 Ra6# 0-1

[Event "DEM U10/U10w 2014"]
[Site "Magdeburg GER"]
[Date "2014.06.08"]
[Round "1"]
[White "Pauls, Fynn"]
[Black "Paulsen, Niels-Martin"]
[Result "1-0"]
[Termination "normal"]
[Board "31"]
[WhiteElo "1382"]
[BlackElo "1043"]
[PlyCount "42"]
[WhiteFideId "16213149"]
[BlackFideId "16214994"]
[EventCountry "GER"]
[EventRounds "11"]
[EventType "swiss"]
[EventDate "2014.06.07"]

1. d4 d5 2. c4 Nf6 3. cxd5 Nxd5 4. e4 Nb6 5. Nc3 Nc6 6. d5 Ne5 7. Bf4 f6 8.
Bxe5 fxe5 9. Qh5+ g6 10. Qxe5 Rg8 11. Qg3 Qd6 12. Qxd6 exd6 13. Nb5 Kd8 14. Rc1
Bh6 15. Rc2 Bd7 16. Bd3 Kc8 17. Nxc7 Kd8 18. Nxa8 Nxa8 19. Nf3 Nc7 20. O-O Na6
21. Bxa6 bxa6 1-0

[Event "DEM U10/U10w 2014"]
[Site "Magdeburg GER"]
[Date "2014.06.08"]
[Round "1"]
[White "Diederich, Greta"]
[Black "Englert, Jon"]
[Result "0-1"]
[Termination "normal"]
[Board "32"]
[WhiteElo "1036"]
[BlackElo "1375"]
[PlyCount "116"]
[WhiteFideId "12988618"]
[BlackFideId "12992275"]
[EventCountry "GER"]
[EventRounds "11"]
[EventType "swiss"]
[EventDate "2014.06.07"]

1. e4 d6 2. Nf3 Nf6 3. Nc3 g6 4. Bc4 Bg7 5. h3 Nc6 6. O-O O-O 7. d3 e5 8. Ne2
Na5 9. Bb3 Nxb3 10. axb3 Bd7 11. Ng3 a6 12. Be3 c5 13. Qd2 Rc8 14. Bh6 Be6 15.
Bxg7 Kxg7 16. Rac1 Qb6 17. Rfd1 Qb4 18. Qg5 h6 19. Qe3 Rc6 20. Re1 Rfc8 21.
Red1 b5 22. Rb1 Qa5 23. Qe2 b4 24. c4 bxc3 25. bxc3 Rb8 26. c4 Qc7 27. Rd2 Rcb6
28. Rdb2 Qb7 29. Qc2 a5 30. Qc3 a4 31. bxa4 Rxb2 32. Rxb2 Qxb2 33. Qa5 Qb4 34.
Qc7 Qb6 35. Qe7 Bd7 36. a5 Qa6 37. Ne2 Re8 38. Qxe8 Bxe8 39. Ng3 Qxa5 40. h4
Qc3 41. Ne2 Qxd3 42. Ng3 Nxe4 43. Nxe4 Qxe4 44. Kh2 Qxc4 45. Kg1 f6 46. g3 e4
47. Nh2 Bb5 48. g4 d5 49. h5 d4 50. hxg6 d3 51. f3 d2 52. fxe4 d1=Q+ 53. Kg2
Qxe4+ 54. Kg3 Qde1+ 55. Kh3 Bf1+ 56. Nxf1 Qxf1+ 57. Kg3 Qfg2+ 58. Kh4 Qgxg4#
0-1

[Event "DEM U10/U10w 2014"]
[Site "Magdeburg GER"]
[Date "2014.06.08"]
[Round "1"]
[White "Yi, Danny"]
[Black "Wiemann, Vanessa"]
[Result "1-0"]
[Termination "normal"]
[Board "33"]
[WhiteElo "1369"]
[BlackElo "1034"]
[PlyCount "119"]
[WhiteFideId "12988588"]
[BlackFideId "12942987"]
[EventCountry "GER"]
[EventRounds "11"]
[EventType "swiss"]
[EventDate "2014.06.07"]

1. e4 e5 2. Nf3 Nc6 3. Bc4 Bc5 4. c3 Nf6 5. d3 h6 6. O-O O-O 7. Nbd2 d6 8. h3
Be6 9. Bb3 d5 10. exd5 Bxd5 11. Bxd5 Qxd5 12. Qc2 Rad8 13. Ne4 Nxe4 14. dxe4
Qd3 15. Qxd3 Rxd3 16. Bd2 Rfd8 17. Rad1 R8d6 18. Rfe1 Rg6 19. b4 Rxf3 20. bxc5
Rxh3 21. g3 Rh4 22. Bc1 b6 23. cxb6 axb6 24. Rd7 Rh3 25. Rxc7 Na5 26. Be3 b5
27. Rc5 Nc4 28. Rxb5 Nxe3 29. Rxe3 Rg5 30. Kg2 Rgh5 31. a4 Rh2+ 32. Kf1 Rh1+
33. Ke2 Ra1 34. a5 Rhh1 35. Rb8+ Kh7 36. Ra8 Rhe1+ 37. Kf3 Rxe3+ 38. Kxe3 Ra3
39. Kd3 Kg6 40. a6 f5 41. exf5+ Kxf5 42. a7 e4+ 43. Kd4 Ra4+ 44. Ke3 Kg6 45. c4
Rxc4 46. Rd8 Rc3+ 47. Kxe4 Rc4+ 48. Kd3 Rc1 49. a8=Q Rd1+ 50. Ke2 Rxd8 51. Qxd8
Kh7 52. Kf3 Kg6 53. Kg4 h5+ 54. Kf4 h4 55. gxh4 Kf7 56. Qd7+ Kg8 57. Kf5 Kh7
58. Kg5 Kg8 59. Kg6 Kh8 60. Qd8# 1-0

[Event "DEM U10/U10w 2014"]
[Site "Magdeburg GER"]
[Date "2014.06.08"]
[Round "1"]
[White "Ultsch, Paul"]
[Black "Marschall, Tillmann"]
[Result "0-1"]
[Termination "normal"]
[Board "34"]
[WhiteElo "1024"]
[BlackElo "1423"]
[PlyCount "90"]
[WhiteFideId "12955965"]
[BlackFideId "12973220"]
[EventCountry "GER"]
[EventRounds "11"]
[EventType "swiss"]
[EventDate "2014.06.07"]

1. e4 c6 2. Nc3 d5 3. exd5 cxd5 4. d4 Nc6 5. Nf3 Bg4 6. Be3 Nf6 7. Bb5 e6 8.
Bxc6+ bxc6 9. h3 Bh5 10. O-O Bd6 11. Ne2 Bxf3 12. gxf3 Qc7 13. Kg2 O-O 14. Qd2
Nh5 15. f4 Rab8 16. b3 f5 17. f3 Rf6 18. Kh1 Qf7 19. Rg1 Rh6 20. Rg5 Be7 21.
Rg2 Nf6 22. Ng3 Ne8 23. Kg1 Rxh3 24. Bf2 Nc7 25. Kf1 Bd6 26. Ke2 Bb4 27. c3 Ba5
28. Rh1 Rxh1 29. Nxh1 Nb5 30. Kd3 Bxc3 31. Qc2 Qh5 32. Qd1 Bb4 33. Ng3 Qh6 34.
Be3 Nc3 35. Qc2 g6 36. Rh2 Qg7 37. a3 Bxa3 38. Qxc3 Qb7 39. Ra2 Qb5+ 40. Kc2
Bb4 41. Qb2 a6 42. Kb1 Be1 43. Bf2 Bxf2 44. Qxf2 Qxb3+ 45. Qb2 Qd1# 0-1

[Event "DEM U10/U10w 2014"]
[Site "Magdeburg GER"]
[Date "2014.06.08"]
[Round "1"]
[White "Buchloh, Adrian"]
[Black "Delgado, Celina"]
[Result "1-0"]
[Termination "normal"]
[Board "35"]
[WhiteElo "1463"]
[BlackElo "1023"]
[PlyCount "99"]
[WhiteFideId "12960675"]
[BlackFideId "12993735"]
[EventCountry "GER"]
[EventRounds "11"]
[EventType "swiss"]
[EventDate "2014.06.07"]

1. d4 d5 2. Nc3 Nf6 3. Bg5 e6 4. Qd3 Nc6 5. Nf3 Be7 6. O-O-O Ne4 7. Bxe7 Nxf2
8. Bxd8 Nxd3+ 9. Rxd3 Nxd8 10. e4 dxe4 11. Nxe4 f6 12. Re3 Nc6 13. c3 O-O 14.
Bd3 b6 15. Rhe1 Bb7 16. Ned2 Nd8 17. Bc4 Bd5 18. Bxd5 exd5 19. Re7 c6 20. Nf1
Rf7 21. Ng3 Rxe7 22. Rxe7 a5 23. Nf5 g6 24. Re8+ Kf7 25. Nd6+ Kg7 26. Nb7 Kf7
27. Rxd8 Rxd8 28. Nxd8+ Ke7 29. Nxc6+ Kd6 30. Na7 Ke6 31. Kd2 Kf5 32. Nc8 b5
33. Nd6+ Ke6 34. Nxb5 Kd7 35. c4 Kc6 36. Kc3 h6 37. b4 axb4+ 38. Kxb4 dxc4 39.
Kxc4 g5 40. d5+ Kd7 41. Nfd4 h5 42. a4 g4 43. a5 f5 44. a6 Kc8 45. d6 f4 46. a7
Kb7 47. d7 f3 48. a8=Q+ Kxa8 49. d8=Q+ Kb7 50. Qc7+ 1-0

[Event "DEM U10/U10w 2014"]
[Site "Magdeburg GER"]
[Date "2014.06.08"]
[Round "1"]
[White "Sulayev, Daniel"]
[Black "Sulzbacher, Marijana"]
[Result "1-0"]
[Termination "normal"]
[Board "37"]
[WhiteElo "1584"]
[BlackElo "1016"]
[PlyCount "79"]
[WhiteFideId "12977675"]
[BlackFideId "34658181"]
[EventCountry "GER"]
[EventRounds "11"]
[EventType "swiss"]
[EventDate "2014.06.07"]

1. e4 e5 2. Nf3 Nf6 3. Nc3 Nc6 4. d4 Bb4 5. d5 Bxc3+ 6. bxc3 Nxe4 7. dxc6 dxc6
8. Qxd8+ Kxd8 9. Bd3 Nxc3 10. Bb2 e4 11. Bxc3 exd3 12. cxd3 Re8+ 13. Kd2 f6 14.
Rhe1 Rxe1 15. Rxe1 Bg4 16. Nd4 c5 17. Nc2 Bd7 18. d4 cxd4 19. Nxd4 c5 20. Nb3
b6 21. Kd3 Bb5+ 22. Ke3 Kd7 23. Kf4 c4 24. Nd4 Bc6 25. Nxc6 Kxc6 26. Re7 a5 27.
Rxg7 b5 28. Ke3 b4 29. Bxf6 Kc5 30. Kd2 a4 31. Rc7+ Kb5 32. Rb7+ Kc5 33. Be7+
Kd4 34. Bxb4 h5 35. Rd7+ Ke4 36. Kc3 h4 37. Rd4+ Ke5 38. Rxc4 a3 39. Rxh4 Kd5
40. Rd4+ 1-0

[Event "DEM U10/U10w 2014"]
[Site "Magdeburg GER"]
[Date "2014.06.08"]
[Round "1"]
[White "Hartmann, Katrin"]
[Black "Pantsernaya, Sofya"]
[Result "0-1"]
[Termination "normal"]
[Board "38"]
[WhiteElo "1014"]
[BlackElo "1320"]
[PlyCount "52"]
[WhiteFideId "16200632"]
[BlackFideId "12993182"]
[EventCountry "GER"]
[EventRounds "11"]
[EventType "swiss"]
[EventDate "2014.06.07"]

1. e4 d5 2. exd5 Nf6 3. Nf3 Nxd5 4. Bc4 Bg4 5. h3 Bh5 6. g4 Bg6 7. Nc3 e6 8. d3
Bc5 9. Nxd5 exd5 10. Bb3 Nd7 11. Bxd5 c6 12. Bb3 O-O 13. Be3 Re8 14. Qd2 Qf6
15. Qe2 Qxb2 16. Rc1 Bxe3 17. fxe3 Qxc1+ 18. Qd1 Qxe3+ 19. Kf1 Ne5 20. Nxe5
Rxe5 21. h4 Rae8 22. h5 Qf4+ 23. Kg2 Re2+ 24. Kh3 R8e3+ 25. Kh4 Qf6+ 26. g5
Qf4# 0-1

[Event "DEM U10/U10w 2014"]
[Site "Magdeburg GER"]
[Date "2014.06.08"]
[Round "1"]
[White "Taras, Simon"]
[Black "Memtimin, Esma"]
[Result "0-1"]
[Termination "normal"]
[Board "39"]
[WhiteElo "1319"]
[BlackElo "1002"]
[PlyCount "82"]
[WhiteFideId "12970972"]
[BlackFideId "12993514"]
[EventCountry "GER"]
[EventRounds "11"]
[EventType "swiss"]
[EventDate "2014.06.07"]

1. d4 d5 2. c4 c6 3. cxd5 cxd5 4. Nf3 Bf5 5. Nc3 Nf6 6. Bf4 e6 7. e3 a6 8. Be2
Ne4 9. Qb3 Nxc3 10. bxc3 Nc6 11. Qxb7 Na5 12. Qc7 Qxc7 13. Bxc7 Nb7 14. Kd2 Bd6
15. g4 Bxg4 16. Rab1 Bxf3 17. Bxf3 Bxc7 18. Rxb7 Rc8 19. Rg1 O-O 20. h4 a5 21.
a4 e5 22. Bxd5 exd4 23. c4 dxe3+ 24. fxe3 g6 25. h5 Kh8 26. hxg6 fxg6 27. Ke2
Be5 28. Rh1 Rc7 29. Rxc7 Bxc7 30. Be4 Kg7 31. Rd1 h5 32. Rd7+ Rf7 33. Rxf7+
Kxf7 34. Kf3 g5 35. Kf2 g4 36. Bf5 Kf6 37. e4 Kg5 38. Kg2 h4 39. Kh1 h3 40. Kg1
Kh4 41. Kf2 g3+ 0-1

[Event "DEM U10/U10w 2014"]
[Site "Magdeburg GER"]
[Date "2014.06.08"]
[Round "1"]
[White "Heutling, Elina"]
[Black "Pahl, Theis"]
[Result "1-0"]
[Termination "normal"]
[Board "40"]
[WhiteElo "962"]
[BlackElo "1311"]
[PlyCount "135"]
[WhiteFideId "16244729"]
[BlackFideId "16201264"]
[EventCountry "GER"]
[EventRounds "11"]
[EventType "swiss"]
[EventDate "2014.06.07"]

1. e4 e5 2. Nf3 Nc6 3. Bc4 d6 4. d3 Na5 5. Nc3 Nxc4 6. dxc4 Nf6 7. Bg5 c6 8.
Qd2 Bg4 9. Nh4 Be7 10. f3 Be6 11. Qd3 O-O 12. O-O-O a6 13. g4 b5 14. cxb5 axb5
15. Rdg1 b4 16. Kb1 bxc3 17. Qxc3 Rxa2 18. Qxc6 Qa5 19. b3 Ra1+ 20. Kb2 Qa2+
21. Kc3 Rc8 22. Qxc8+ Bxc8 23. Rxa1 Qxa1+ 24. Rxa1 Be6 25. Ra8+ Bf8 26. Be3 d5
27. exd5 Nxd5+ 28. Kd3 Nb4+ 29. Kd2 Nc6 30. Bc5 h6 31. Rxf8+ Kh7 32. c4 f6 33.
Kc3 Na5 34. b4 Nxc4 35. Be7 Nb6 36. Rb8 Nd7 37. Rd8 Nb6 38. Bc5 Nd7 39. Ba7 g5
40. Ng2 Kg6 41. h4 h5 42. hxg5 fxg5 43. Ne3 h4 44. b5 h3 45. Rh8 h2 46. Rxh2
Nf6 47. b6 Bc8 48. Rh8 Be6 49. b7 Nd7 50. Kb4 Kg7 51. Rd8 Kf7 52. Nc4 Ke7 53.
Nxe5 Kxd8 54. Nxd7 Kxd7 55. b8=Q Kc6 56. Qd8 Bd7 57. Qxg5 Bxg4 58. Qxg4 Kd5 59.
Qe4+ Kd6 60. Be3 Kd7 61. Qe5 Kc6 62. Qf5 Kd6 63. Kc4 Kc6 64. Qe6+ Kc7 65. Kb5
Kb7 66. Qd7+ Ka8 67. Kb6 Kb8 68. Qb7# 1-0

[Event "DEM U10/U10w 2014"]
[Site "Magdeburg GER"]
[Date "2014.06.08"]
[Round "1"]
[White "Kamp, Adrian"]
[Black "Khanbekyan, Areg"]
[Result "1-0"]
[Termination "normal"]
[Board "41"]
[WhiteElo "1310"]
[BlackElo "962"]
[PlyCount "25"]
[WhiteFideId "16222466"]
[BlackFideId "12993727"]
[EventCountry "GER"]
[EventRounds "11"]
[EventType "swiss"]
[EventDate "2014.06.07"]

1. e4 e5 2. d4 exd4 3. Nf3 Nf6 4. e5 Ng4 5. h3 Nh6 6. Bxh6 gxh6 7. c3 dxc3 8.
Nxc3 Nc6 9. Bc4 Qe7 10. Nd5 Qd8 11. Nf6+ Ke7 12. Qd5 Nxe5 13. Qxe5# 1-0

[Event "DEM U10/U10w 2014"]
[Site "Magdeburg GER"]
[Date "2014.06.08"]
[Round "1"]
[White "Bossert, Moritz"]
[Black "Rößl, Adam"]
[Result "0-1"]
[Termination "normal"]
[Board "42"]
[WhiteElo "953"]
[BlackElo "1310"]
[PlyCount "76"]
[WhiteFideId "16239946"]
[BlackFideId "16246047"]
[EventCountry "GER"]
[EventRounds "11"]
[EventType "swiss"]
[EventDate "2014.06.07"]

1. d4 d5 2. c4 Nf6 3. e3 Nc6 4. Nf3 Bg4 5. Nc3 e5 6. Be2 Bxf3 7. Bxf3 dxc4 8.
Bxc6+ bxc6 9. O-O Bd6 10. dxe5 Bxe5 11. Qxd8+ Rxd8 12. f4 Bxc3 13. bxc3 Ne4 14.
Bb2 O-O 15. Rfd1 Rd3 16. Rxd3 cxd3 17. Rd1 Rd8 18. Kf1 c5 19. c4 Nd6 20. Be5
Nxc4 21. Kf2 Nxe5 22. fxe5 c4 23. e4 Kf8 24. Ke1 c3 25. e6 fxe6 26. e5 d2+ 27.
Ke2 c2 28. Rxd2 c1=Q 29. Rxd8+ Ke7 30. Rd1 Qc2+ 31. Rd2 Qe4+ 32. Kd1 c5 33. Re2
Qd3+ 34. Rd2 Qb1+ 35. Ke2 c4 36. Rd1 Qb2+ 37. Rd2 c3 38. Rxb2 cxb2 0-1

[Event "DEM U10/U10w 2014"]
[Site "Magdeburg GER"]
[Date "2014.06.08"]
[Round "1"]
[White "Schade, Johannes"]
[Black "Kind, Swantje"]
[Result "1-0"]
[Termination "normal"]
[Board "43"]
[WhiteElo "1304"]
[BlackElo "938"]
[PlyCount "71"]
[WhiteFideId "12958581"]
[EventCountry "GER"]
[EventRounds "11"]
[EventType "swiss"]
[EventDate "2014.06.07"]

1. d4 d5 2. c4 c6 3. Nc3 Bf5 4. Nf3 e6 5. e3 Bb4 6. Bd2 Nf6 7. a3 Ba5 8. b4 Bc7
9. Be2 Nbd7 10. b5 Nf8 11. c5 b6 12. cxb6 Bxb6 13. bxc6 Rc8 14. Bb5 Ne4 15. c7+
Qd7 16. Bxd7+ Nxd7 17. Nxe4 Bxe4 18. Rc1 O-O 19. Bb4 Rfd8 20. cxd8=Q+ Rxd8 21.
O-O a5 22. Bc5 Bxc5 23. dxc5 Rc8 24. c6 Nb6 25. Qb3 Na8 26. Qb7 Rf8 27. c7 Nxc7
28. Rxc7 g6 29. Rc8 Rxc8 30. Qxc8+ Kg7 31. Qd7 Bd3 32. Rc1 Bf5 33. Rc7 Kh6 34.
Qxf7 Kh5 35. Qxh7+ Kg4 36. Qh4# 1-0

[Event "DEM U10/U10w 2014"]
[Site "Magdeburg GER"]
[Date "2014.06.08"]
[Round "1"]
[White "Schneider, Katharina"]
[Black "Meinschien, Finn"]
[Result "0-1"]
[Termination "normal"]
[Board "44"]
[WhiteElo "929"]
[BlackElo "1300"]
[PlyCount "94"]
[WhiteFideId "16200519"]
[BlackFideId "12989665"]
[EventCountry "GER"]
[EventRounds "11"]
[EventType "swiss"]
[EventDate "2014.06.07"]

1. e4 e5 2. Nf3 Nc6 3. d4 exd4 4. Bc4 Bc5 5. c3 dxc3 6. Bxf7+ Kxf7 7. Qd5+ Ke8
8. Qxc5 Qe7 9. Qxe7+ Ngxe7 10. Nxc3 d6 11. O-O Rf8 12. Nd5 Nxd5 13. exd5 Ne7
14. Re1 Kd7 15. Bg5 Nxd5 16. Nd4 Re8 17. Rxe8 Kxe8 18. Re1+ Kf8 19. Ne6+ Bxe6
20. Rxe6 Re8 21. Rxe8+ Kxe8 22. a4 Nb6 23. b3 Kd7 24. Kf1 c6 25. a5 Nd5 26. Bd2
b6 27. g4 Ne7 28. f4 Ke6 29. Ke2 d5 30. f5+ Ke5 31. Ke3 c5 32. Kf3 Kd4 33. b4
Kd3 34. Be1 c4 35. axb6 axb6 36. b5 c3 37. Bf2 d4 38. Bxd4 Kxd4 39. Ke2 Nd5 40.
Kd1 Kd3 41. h4 c2+ 42. Kc1 Nc3 43. g5 Ne2+ 44. Kb2 c1=Q+ 45. Kb3 Qb1+ 46. Ka4
Kc4 47. Ka3 Qa1# 0-1

[Event "DEM U10/U10w 2014"]
[Site "Magdeburg GER"]
[Date "2014.06.08"]
[Round "1"]
[White "Mimkes, Pavel"]
[Black "Kiesel, Lara"]
[Result "1-0"]
[Termination "normal"]
[Board "45"]
[WhiteElo "1271"]
[BlackElo "893"]
[PlyCount "61"]
[WhiteFideId "12990833"]
[BlackFideId "12973785"]
[EventCountry "GER"]
[EventRounds "11"]
[EventType "swiss"]
[EventDate "2014.06.07"]

1. e4 e6 2. d4 d5 3. exd5 exd5 4. Nf3 Bd6 5. Be3 Nf6 6. Nbd2 Nc6 7. Bd3 O-O 8.
c3 Bg4 9. Qc2 Ne7 10. O-O-O a6 11. h3 Bf5 12. Bxf5 b5 13. g4 g6 14. Bd3 c6 15.
Bg5 Nd7 16. h4 c5 17. Kb1 c4 18. Be2 a5 19. h5 b4 20. Ne5 Nxe5 21. dxe5 Bxe5
22. Nf3 Bd6 23. Rxd5 Qc7 24. Bxe7 Bxe7 25. cxb4 axb4 26. Qxc4 Qa7 27. Nd4 Rfc8
28. Qb3 Bf6 29. Rd1 Rd8 30. Nc6 Qxf2 31. Nxd8 1-0

[Event "DEM U10/U10w 2014"]
[Site "Magdeburg GER"]
[Date "2014.06.08"]
[Round "1"]
[White "Münch, Michelle"]
[Black "Schnabel, Luise"]
[Result "0-1"]
[Termination "normal"]
[Board "46"]
[WhiteElo "858"]
[BlackElo "1369"]
[PlyCount "76"]
[BlackFideId "12943347"]
[EventCountry "GER"]
[EventRounds "11"]
[EventType "swiss"]
[EventDate "2014.06.07"]

1. e4 e5 2. Nf3 Nc6 3. Bc4 Nf6 4. d4 exd4 5. O-O Bc5 6. Bf4 O-O 7. e5 d5 8. Bb5
Nh5 9. Bg5 f6 10. exf6 Nxf6 11. Bh4 Bg4 12. c4 a6 13. Bxf6 Rxf6 14. Re1 axb5
15. cxd5 Bxf3 16. Qd3 Qxd5 17. gxf3 Qxf3 18. Qxf3 Rxf3 19. Nd2 Rf6 20. Ne4 Rg6+
21. Kf1 Bb6 22. Ng3 d3 23. Nf5 Rf6 24. Ne7+ Nxe7 25. Rxe7 Rxf2+ 26. Ke1 d2+ 27.
Kd1 Rf1+ 28. Ke2 Rxa1 29. Kxd2 Ba5+ 30. Ke3 Re1+ 31. Kf3 Rxe7 32. Kg3 Rf8 33.
h4 Be1+ 34. Kg4 Bxh4 35. Kxh4 Re1 36. Kg5 Rg1+ 37. Kh5 Rf6 38. Kh4 Rh6# 0-1

[Event "DEM U10/U10w 2014"]
[Site "Magdeburg GER"]
[Date "2014.06.08"]
[Round "1"]
[White "Prieb, Robert"]
[Black "Unbehend, Marius"]
[Result "1-0"]
[Termination "normal"]
[Board "47"]
[WhiteElo "1260"]
[BlackElo "796"]
[PlyCount "85"]
[WhiteFideId "16212002"]
[BlackFideId "16214420"]
[EventCountry "GER"]
[EventRounds "11"]
[EventType "swiss"]
[EventDate "2014.06.07"]

1. d4 d5 2. Bf4 Nc6 3. Nf3 Bf5 4. c3 Nf6 5. e3 e6 6. Bb5 Qd7 7. Ne5 Qe7 8. Nxc6
bxc6 9. Bxc6+ Nd7 10. Bxa8 Nb6 11. Bc6+ Nd7 12. Qa4 f6 13. Bxd7+ Qxd7 14. Qxd7+
Kxd7 15. Nd2 Bd6 16. Bxd6 cxd6 17. O-O-O Rb8 18. b3 a5 19. a4 e5 20. Kb2 Bg4
21. f3 Bf5 22. e4 dxe4 23. Nxe4 Bxe4 24. fxe4 g5 25. dxe5 fxe5 26. Rhf1 Re8 27.
Rf5 h6 28. Rf6 Re6 29. Rxe6 Kxe6 30. c4 Kd7 31. c5 Kc6 32. cxd6 Kd7 33. Kc1 h5
34. Kb2 g4 35. g3 Kd8 36. d7 Ke7 37. d8=Q+ Ke6 38. Rd6+ Kf7 39. Qd7+ Kg8 40.
Re6 Kf8 41. Rf6+ Kg8 42. Qf7+ Kh8 43. Rh6# 1-0